000 00691nam a2200205Ii 4500
003 JO-AjNU
008 230605s9999||||xx |||||||||||||| ||und||
040 _aJO-AjNU
_bara
_erda
_cJO-AjNU
041 _aara
050 1 4 _aLB2805.W512 2005
100 3 _aقسم التعريب والترجمة،إعداد/Wiles,Kimball تأليف,
_eauthor
_922448
245 0 0 _aالإشراف التربوي رؤية تفاعلية
250 _aط1
264 3 1 _aالعين:دار الكتاب الجامعي،2005
300 _a395ص
336 _atext
_btxt
_2rdacontent
337 _aunmediated
_bn
_2rdamedia
338 _avolume
_bnc
_2rdacarrier
650 4 _a الإشراف التربوي
_922449
999 _aA7970
_c11538
_d11538